000 00363nam a2200133Ia 4500
005 20260326100043.0
008 260326s9999||||xx |||||||||||||| ||und||
100 _aBarbero Sarzabal, Hernán
245 0 _aInternacional Casas :
_b Belgica /
_cHernán Barbero Sarzabal
260 _bKliczkowski
300 _a72 p.
650 _aARQUITECTURA RESIDENCIAL
942 _cBK
999 _c7098
_d7098